Welcome to the Holygrace Academy Library

Please use search bar below to get started

GOOD NIGHT FAIRY STORIES (Record no. 8377)

MARC details
000 -LEADER
fixed length control field 00296nam a22001217a 4500
082 ## - DEWEY DECIMAL CLASSIFICATION NUMBER
Classification number 823
Item number ABC/G
100 ## - MAIN ENTRY--AUTHOR NAME
Personal name ABC PUBLISHERS
245 ## - TITLE STATEMENT
Title GOOD NIGHT FAIRY STORIES
246 ## - VARYING FORM OF TITLE
Title proper/short title GOOD NIGHT FAIRY STORIES
Remainder of title GOOD NIGHT FAIRY STORIES
520 ## - SUMMARY, ETC.
Summary, etc FAIRY TALES
650 ## - SUBJECT ADDED ENTRY--TOPICAL TERM
Topical Term FAIRY STORIES
942 ## - ADDED ENTRY ELEMENTS (KOHA)
Koha item type Books
Holdings
Withdrawn status Lost status Collection code Home library Current library Date acquired Source of acquisition Full call number Accession Number Koha item type
  Lost Fiction Main Library Main Library 06/04/2002 PURCHASED 823 ABC/G 00318 Books